书目信息 |
| 题名: |
空气调节设计手册
|
|
| 作者: | ;第四机械工业部第十设计研究院 主编 | |
| 分册: | ||
| 出版信息: | 北京 中国建筑工业出版社 1983 |
|
| 页数: | 772页 | |
| 开本: | 25cm | |
| 丛书名: | ||
| 单 册: | ||
| 中图分类: | TU831-62 | |
| 科图分类: | ||
| 主题词: | 空气调节--设计--手册 | |
| 电子资源: | ||
| ISBN: | ||
| 000 | 00718nam0 2200229 45 | |
| 001 | 0183005068 | |
| 005 | 20061127085940.76 | |
| 010 | @b精装@dCNY6.35 | |
| 091 | @aCN@b15040.4312 | |
| 100 | @a19950518d1983 emky0chiy0121 ea | |
| 101 | 0 | @achi |
| 102 | @aCN@b110000 | |
| 105 | @af z 000yy | |
| 200 | 10 | @a空气调节设计手册@Akong qi tiao jie she ji shou ce@f第四机械工业部第十设计研究院主编 |
| 210 | @a北京@c中国建筑工业出版社@d1983 | |
| 215 | @a772页@d25cm@e附图5张 | |
| 606 | @a空气调节@x设计@x手册 | |
| 690 | @aTU831-62@v3 | |
| 711 | 02 | @a第四机械工业部第十设计研究院@Adi si ji xie gong ye bu di shi she ji yan jiu yuan@4主编 |
| 801 | 2 | @aCN@bNLC@c20061127 |
| 801 | 0 | @aCN@bTSSF |
| 905 | @a10447@dTU831-62@e130 | |
| 空气调节设计手册/第四机械工业部第十设计研究院主编.-北京:中国建筑工业出版社,1983 |
| 772页;25cm+附图5张 |
| ISBN (精装):CNY6.35 |
| ● |
| 相关链接 |
|
|
|
|
正题名:空气调节设计手册
索取号:TU831-62/130
 
预约/预借
| 序号 | 登录号 | 条形码 | 馆藏地/架位号 | 状态 | 备注 |
| 1 | 0203254 | 202127625 | 第二样本阅览室/ [索取号:TU831-62/130] | 在馆 |